000 01116nam a2200265 a 4500
001 000011354
003 DO-SdBNP
005 20230228125007.0
007 ta
008 091016s1993 dr a 001 0 spa d
040 _aDO-SdBNP
_bspa
_cBNPHU
049 _aBNPD
082 4 _a610.98
_bM489t
_222
111 2 _aSeminario Latinoamericano sobre la Teoría y la Práctica en la Aplicación de la Medicina Tradicional en Sistemas Formales de Salud
_n(2:
_d1992 :
_cSanto Domingo)
_982979
245 1 0 _aMedicina tradicional 500 años después :
_bhistoria y consecuencias actuales.
_ceditores Carles Roersch, José María Tavares de Andrade y Eduardo Menéndez
260 _aSanto Domingo :
_bInstituto de Medicina Dominicana,
_c1993.
300 _a164 p. ;
_c21 cm.
590 _aInventariado, 2022/MFF
650 4 _aMedicina tradicional
_xHistoria
_926960
_vCongresos, conferencias, etc.
700 1 _aRoersch, Carles,
_eeditor
_930822
700 1 _aTavares Andrade, José Maria de,
_eeditor
_982980
700 1 _aMenéndez, Eduardo,
_eeditor
_982981
910 _aValidado. Control de calidad MFF
942 _2ddc
_cLBS1
999 _c11061
_d11061